000 01177pam a2200313 a 4500
999 _c2546
_d2546
001 2522091
003 GZU
005 20201103122305.0
008 930727s1994 caua b 001 0 eng
010 _a 93006051
020 _a1559340940
040 _aDLC
_cDLC
_dDLC
043 _an-us---
050 0 0 _aHQ536
_bOLS 1994
082 0 0 _a306.8/0973
_220
100 1 _aOlson, David H. L.
245 1 0 _aMarriage and the family :
_bdiversity and strengths /
_cDavid H. Olson, John DeFrain.
260 _aMountain View, Calif. :
_bMayfield Pub. Co.,
_cc1994.
300 _axxviii, 701 p. :
_bill. (some col.) ;
_c26 cm.
504 _aIncludes bibliographical references (p. 672-688) and indexes.
650 0 _aFamilies
_zUnited States
_xPsychological aspects.
650 0 _aMarriage
_zUnited States
_xPsychological aspects.
650 0 _aCircumplex Model of Marital and Family Systems.
650 0 _aFamily assessment
_zUnited States.
700 1 _aDeFrain, John D.
906 _a7
_bcbc
_corignew
_d1
_eocip
_f19
_gy-gencatlg
942 _2lcc
_cBK
_h636
_iOLS
_kHQ